Giri veloci dei Gran Premi di Formula 1 2005 - Statistics

Statistiche generali
  • Questo quiz è stato fatto 13 volte
  • Il punteggio medio è 16 su 19
Statistiche sulle risposte
Gran Premio Giro veloce % Corretto
Gran Premio di San Marino Michael Schumacher
100%
Gran Premio di Monaco Michael Schumacher
100%
Gran Premio degli Stati Uniti d'America Michael Schumacher
100%
Gran Premio del Belgio Ralf Schumacher
100%
Gran Premio d'Australia Fernando Alonso
92%
Gran Premio d'Europa Fernando Alonso
92%
Gran Premio della Malesia Kimi Räikkönen
85%
Gran Premio del Canada Kimi Räikkönen
85%
Gran Premio di Francia Kimi Räikkönen
85%
Gran Premio di Gran Bretagna Kimi Räikkönen
85%
Gran Premio di Germania Kimi Räikkönen
85%
Gran Premio d'Ungheria Kimi Räikkönen
85%
Gran Premio d'Italia Kimi Räikkönen
85%
Gran Premio del Brasile Kimi Räikkönen
85%
Gran Premio del Giappone Kimi Räikkönen
85%
Gran Premio di Cina Kimi Räikkönen
85%
Gran Premio di Spagna Giancarlo Fisichella
54%
Gran Premio di Turchia Juan Pablo Montoya
54%
Gran Premio del Bahrain Pedro de la Rosa
15%
Nessun quiz corrispondente trovato
Distribuzione punteggi
Percentuale di utenti per punteggio
Percentile per numero di risposta
I tuoi punteggi nel tempo
Non hai fatto questo quiz